Sports Quiz

Random Sports or Football Quiz

Top Flight Football Clubs by City Quiz Stats

 Plays Quiz not verified by Sporcle

Challenge
Share
Tweet
Embed
Score 0/71 Timer 10:00
0 Plays Today
City Team % Correct
MadridReal Madrid
97.6%
LondonChelsea FC
96.1%
LondonArsenal FC
95.5%
RomeAS Roma
94.3%
LondonTottenham Hotspur
93.7%
MadridAtletico Madrid
93.7%
GlasgowRangers FC
93.1%
GlasgowCeltic FC
92.7%
HamburgHamburger SV
88.2%
LondonFulham FC
85.2%
RomeSS Lazio
84.9%
LondonWest Ham United
84.6%
LisbonSporting Clube de Portugal
84.6%
MoscowCSKA Moscow
83.7%
Los AngelesLA Galaxy
79.2%
LisbonSL Benfica
77.9%
IstanbulGalatasaray
77.6%
MoscowSpartak Moscow
77.3%
AthensAEK Athens
72.5%
IstanbulFenerbahçe
69.8%
ViennaRapid Wien
69.8%
RotterdamFeyenoord Rotterdam
68.3%
BrugesClub Brugge
68%
AthensOlympiacos
66.8%
AthensPanathinaikos
66.8%
IstanbulBeşiktaş
65.3%
MoscowLokomotiv Moscow
65%
ZurichFC Zurich
64.7%
Buenos AiresBoca Juniors
64.7%
MoscowDynamo Moscow
64.4%
Tel AvivMaccabi Tel Aviv
62.8%
Buenos AiresRiver Plate
62.8%
Tel AvivHapoel Tel Aviv
61.6%
DonetskShakhtar Donetsk
60.7%
ZurichGrasshoppers
60.1%
ViennaAustria Wien
52.9%
City Team % Correct
Los AngelesChivas USA
42.9%
HamburgFC St Pauli
40.8%
JohannesburgKaizer Chiefs
40.5%
Rio de JanieroFlamengo
38.7%
StockholmAIK
35.3%
BrugesCercle Brugge
32%
DublinShamrock Rovers
31.4%
JohannesburgOrlando Pirates
30.5%
Mexico CityAmérica
28.4%
MelbourneMelbourne Victory
26.9%
TurkuInter Turku
26.6%
Rio de JanieroFluminense
25.1%
DublinBohemians
23.6%
Rio de JanieroBotafogo
21.1%
Rio de JanieroVasco da Gama
20.8%
Mexico CityCruz Azul
19.3%
DonetskMetalurh Donetsk
17.5%
Mexico CityUniversidad Nacional
16.6%
MelbourneMelbourne Heart
16.6%
RotterdamSBV Excelsior
16%
DublinSt Patricks Athletic
15.7%
StockholmDjurgården
15.1%
Buenos AiresVélez Sársfield
14.5%
DublinUniversity College Dublin
13.6%
Buenos AiresArgentinos Juniors
13%
Buenos AiresSan Lorenzo
10.3%
IstanbulBelediye
8.8%
AthensPanionios
8.8%
TurkuTurun Palloseura
7.6%
Buenos AiresHuracán
6%
IstanbulKasimpaşa
5.7%
AthensAtromitos
4.8%
Tel AvivBnei Yehuda
3%
Buenos AiresAll Boys
2.4%
JohannesburgMoroka Swallows
2.1%

You're not logged in!

Compare scores with friends on all Sporcle quizzes.
Join for Free
OR
Log In

You Might Also Like...

Show Comments

Extras

Top Quizzes Today


Score Distribution

Your Account Isn't Verified!

In order to create a playlist on Sporcle, you need to verify the email address you used during registration. Go to your Sporcle Settings to finish the process.

Report this User

Report this user for behavior that violates our Community Guidelines.

Details: